[Event "Olympiad-41"]
[Site "Tromsoe"]
[Date "2014.08.05"]
[Round "4.1"]
[White "Adams, Michael"]
[Black "Shirov, Alexei"]
[Result "1-0"]
[WhiteElo "2740"]
[BlackElo "2709"]
[Annotator "Roiz,M"]
[PlyCount "103"]
[EventDate "2014.08.02"]
[EventType "team-swiss"]
[EventRounds "11"]
[EventCountry "NOR"]
[SourceTitle "CBM 162"]
[Source "ChessBase"]
[SourceDate "2014.09.17"]
[SourceVersion "1"]
[SourceVersionDate "2014.09.17"]
[SourceQuality "1"]
[WhiteTeam "England"]
[BlackTeam "Latvia"]
[WhiteTeamCountry "ENG"]
[BlackTeamCountry "LAT"]

1. e4 c5 2. Nf3 Nc6 3. Bb5 e6 4. O-O Nge7 5. c3 a6 6. Ba4 b5 7. Bc2 Bb7 8. Re1
(8. Qe2 {is a common alternative here.}) 8... c4 {The recent fashion.} ({
Besides, Black has a couple of popular alternatives:} 8... Rc8) (8... d5) ({and
} 8... Ng6 {but White is able to pose Black a definite problems in all those
cases.}) 9. a4 Ng6 10. d4 {Michael goes for the most ambitious plan. White is
trying to put pressure along the d- file and develop some attack along the
diagonal b1-h7.} (10. b4 cxb3 (10... Nce5 11. axb5 axb5 12. Rxa8 Bxa8 13. Na3
Bc6 14. Nd4 Nf4 15. Nxc6 dxc6 16. d4 cxd3 17. Bxf4 Ng6 18. Bg3 dxc2 19. Qxd8+
Kxd8 20. Nxc2 $14 {1/2-1/2 Svidler,P (2747)-Gelfand,B (2751)/Tashkent UZB 2012
(45)}) 11. Bxb3 Be7 12. d4 O-O $132) (10. axb5 axb5 11. Rxa8 Bxa8 12. d4 cxd3
13. Qxd3 (13. Bxd3 b4 14. e5 Be7 15. Nbd2 O-O 16. Nc4 bxc3 17. bxc3 Na5 $15 {
0-1 Dzhumaev,M (2492)-Moiseenko,A (2670)/Belgorod 2010/CBM 139 (45)}) 13... b4
14. Nbd2 Be7 15. Nc4 {1/2-1/2 Stevic,H (2626)-Fedorchuk,S (2667)/Bol CRO 2013}
bxc3 16. bxc3 O-O 17. Be3 d6 $11) 10... cxd3 11. Qxd3 b4 {In his turn, Alexei
seizes some space on the queenside.} 12. Nbd2 a5 $5 $146 {Black is not in a
rush. The bishop gets the important a6-square, so White should be ready for a
possible pin in the event of Nd2-c4.} (12... Nge5 13. Nxe5 Nxe5 14. Qg3 Qc7 (
14... Ng6 15. Nc4 Rc8 16. Nd6+ Bxd6 17. Qxd6 bxc3 18. bxc3 Rxc3 19. Bd3 $44)
15. Nc4 Qxc4 16. Qxe5 Rc8 17. Bd2 Qc7 18. Qxc7 Rxc7 19. Rac1 bxc3 20. Bxc3 f6
21. Bd3 Bd6 22. Ba5 Rxc1 23. Rxc1 Ke7 $11 {1/2-1/2 Matinian,N (2460)-Guseinov,
G (2623)/Moscow RUS 2013 (50)}) 13. Nc4 {White can hardly find another good
square for the knight.} (13. e5 Qc7 14. Nc4 Ba6 15. Qe4 Be7 16. Bd2 O-O $132)
13... Ba6 {A principled response.} ({Shirov could also postpone it:} 13... Qc7
14. e5 Ba6 15. Qe4 Be7 16. Bd2 O-O $132) 14. Nd6+ Bxd6 15. Qxd6 {The
appearance of the opponent's queen on d6 is unpleasant, so Shirov had to
exchange it.} Qb8 $1 {An accurate approach.} ({After the natural} 15... Qe7 $6
16. Qg3 $1 O-O 17. e5 $36 {White would be able to develop a dangerous
initiative on the kingside.}) 16. Qc5 Nge5 $6 {The first serious mistake of
Alexei in this game - now White gets a dangerous passed Pa4.} ({A much better
move was} 16... bxc3 17. bxc3 Nce5 {getting a normal pawn structure} 18. Nxe5
Qxe5 19. Ba3 Qxc5 20. Bxc5 Nf4 $11) 17. Nxe5 Nxe5 ({Now the endgame would be
unpleasant:} 17... Qxe5 18. Qxe5 Nxe5 19. cxb4 axb4 20. Bd2 Rb8 21. b3 $14) 18.
cxb4 d6 {Once again, Alexei steps away from the inferior endgame.} (18... Qxb4
19. Qxb4 axb4 20. Bd2 Rb8 21. b3 $14) 19. Qc3 axb4 $6 {Letting the queen go to
g3 is extremely risky.} ({A more accurate try was} 19... Qxb4 20. Bd2 (20. Qxb4
axb4 21. Bd2 Rb8 22. b3 Kd7 {is nothing special for White.}) 20... Qb6 21. Rec1
O-O 22. Qxa5 Qxb2 $14) 20. Qg3 O-O 21. Bh6 Ng6 22. Bd2 {As a result, Black has
a problem on both sides of the board.} Rc8 (22... Ne5 23. Rac1 b3 24. Bb1 Qb7
25. Bc3 $16) 23. Rac1 Qb6 24. Qb3 {Adams decides to concentrate his forces on
the q-side.} (24. Be3 $5 Qd8 25. Bb3 $16) 24... Rab8 25. Bb1 Ne5 26. Rxc8+ Bxc8
27. Rc1 $16 {White's advantage is undisputable - the pawns on d6 and b4 are
weak, while White's pair of bishops and the Pa4 are extremely dangerous.} Bd7 (
27... Ng4 28. Be1 Ba6 29. h3 Ne5 30. Bd2 $16) 28. Qd1 Qd4 ({Nothing is changed
by} 28... Rc8 29. Rxc8+ Bxc8 30. Be3 Qc6 31. b3 $16) 29. b3 Rc8 30. Be3 Rxc1 {
A correct decision.} ({After} 30... Qxd1+ 31. Rxd1 {Black would be unable to
avoid a loss of material:} Rc3 32. Bd4 Rxb3 33. Bc2 Ra3 34. Bxe5 dxe5 35. Rxd7
$18) 31. Qxc1 Qa1 {Alexei manages to activate the queen, so White's task is
more complicated now.} 32. h3 (32. Bc2 $5 Qxc1+ 33. Bxc1 Kf8 34. f4 Nc6 35. Be3
$16) 32... Nc6 33. Kh2 $1 ({Correctly deviating from simplifying:} 33. Bc2
Qxc1+ 34. Bxc1 Kf8 $14) 33... e5 34. Qd1 Nd4 {Entering into tactical
complications.} 35. Bxd4 {Obviously, White cannot allow such a strong knight.}
exd4 ({As the following analyses prove, White should be able to win the bishop
endgame:} 35... Qxd4 36. Qxd4 exd4 37. Kg3 Kf8 38. Kf3 Ke7 39. Ke2 Be6 40. Bc2
Kd7 41. Kd3 Kc6 42. Kxd4 f6 43. h4 h6 44. f4 Kb6 45. g3 Kc6 46. e5 dxe5+ 47.
fxe5 fxe5+ 48. Kxe5 Bg4 49. Kf4 Bc8 50. h5 Kd5 51. a5 Kc5 52. g4 $18) 36. e5
Qc3 (36... Qb2 $5 37. exd6 Qxf2 38. Qf3 Qxf3 39. gxf3 Kf8 40. Kg3 Ke8 41. h4
Bc6 42. Kf4 Kd7 43. Ke5 $16) 37. exd6 {White still has a big advantage due to
his passed a-pawn, but the character of the position has changed.} Qc5 (37...
g6 38. Bd3 Qc5 39. Kg1 Be6 40. Bf1 Qxd6 41. a5 $16) 38. Qd3 Qxd6+ $2 {After
being tired from a tough defence, Alexei makes the decisive mistake.} (38...
Kf8 39. Qa6 g6 40. Bd3 Bc8 41. Qa8 Qxd6+ 42. g3 $16) (38... g6 39. Qg3 Be6 40.
Bd3 Kf8 41. Bb5 $16) 39. Qg3 {Michael is happy to liquadate into a winning
endgame.} Qb6 {Black fails to keep the queens on the board anyway.} (39...
Qxg3+ 40. Kxg3 Kf8 41. Kf4 Ke7 42. Ke5 Be6 43. Kxd4 Bxb3 44. a5 Kd6 45. Be4 $1
f5 (45... Kc7 46. Kc5 $18) 46. Bxf5 Kc6 47. Bxh7 Kb5 48. f4 Kxa5 49. g4 $18)
40. a5 $1 Qa7 41. Qd6 $18 {White is just dominating now.} g6 42. Qb6 ({Or} 42.
Bd3 Kg7 43. a6 Bf5 44. Bc4 $18) 42... Qxb6 43. axb6 Bc6 44. Bd3 {[%cal Gd3a6]}
Bb7 45. Kg3 {The rest is a matter of simple technique.} Kf8 (45... g5 46. f3
$18 {[%cal Gd3e4]}) 46. Kf4 f5 47. g3 (47. Ke5 Bxg2 48. Ba6 d3 49. b7 Bxb7 50.
Bxb7 d2 51. Bf3 $18) 47... Ke7 48. Ke5 Bf3 (48... Kd7 49. Bb5+ Kc8 50. Kxd4 $18
) 49. Ba6 Kd7 50. Bb5+ Kc8 51. Kxd4 g5 52. Bd3 1-0

[Event "Olympiad-41"]
[Site "Tromsoe"]
[Date "2014.08.06"]
[Round "5.1"]
[White "Le, Quang Liem"]
[Black "Adams, Michael"]
[Result "0-1"]
[WhiteElo "2710"]
[BlackElo "2740"]
[PlyCount "88"]
[EventDate "2014.08.02"]
[EventType "team-swiss"]
[EventRounds "11"]
[EventCountry "NOR"]
[SourceTitle "CBM 162"]
[Source "ChessBase"]
[SourceDate "2014.09.17"]
[SourceVersion "1"]
[SourceVersionDate "2014.09.17"]
[SourceQuality "1"]
[WhiteTeam "Vietnam"]
[BlackTeam "England"]
[WhiteTeamCountry "VIE"]
[BlackTeamCountry "ENG"]

1. d4 Nf6 2. c4 e6 3. g3 d5 4. Bg2 Bb4+ 5. Bd2 Be7 6. Nf3 c6 7. Qb3 O-O 8. O-O
Nbd7 9. Rc1 a5 10. Bg5 h6 11. Bxf6 Bxf6 12. Na3 Qe7 13. e3 Rd8 14. Rab1 g6 15.
Qc2 Bg7 16. Rd1 Nf6 17. Ne5 Bd7 18. Nxd7 Rxd7 19. Rd2 e5 20. dxe5 Qxe5 21. Rbd1
Rad8 22. cxd5 Nxd5 23. Nc4 Qe6 24. Bxd5 cxd5 25. Nxa5 d4 26. exd4 Qxa2 27. Nb3
Qa4 28. Ra1 Qb4 29. Qc3 Qb6 30. Ra4 Qe6 31. Nc5 Qe1+ 32. Kg2 Rc7 33. Rc2 Qe8
34. Rc4 b5 35. Rb4 Rxc5 36. Qxc5 Bf8 37. Qxb5 Qe4+ 38. Kg1 Qxc2 39. Ra4 Qb1+
40. Kg2 Qe4+ 41. f3 Qc2+ 42. Kh3 Qd1 43. f4 h5 44. Qc4 Rxd4 0-1

[Event "EU-Cup 30th"]
[Site "Bilbao"]
[Date "2014.09.15"]
[Round "2.3"]
[White "Dreev, Alexey"]
[Black "Adams, Michael"]
[Result "0-1"]
[WhiteElo "2662"]
[BlackElo "2752"]
[Annotator "Adams,M"]
[PlyCount "124"]
[EventDate "2014.09.14"]
[EventType "team-swiss"]
[EventRounds "7"]
[EventCountry "ESP"]
[SourceTitle "CBM 163"]
[Source "ChessBase"]
[SourceDate "2014.11.11"]
[SourceVersion "1"]
[SourceVersionDate "2014.11.11"]
[SourceQuality "1"]
[WhiteTeam "SHSM-64"]
[BlackTeam "SOCAR"]
[WhiteTeamCountry "RUS"]
[BlackTeamCountry "AZE"]

{It was very enjoyable playing for SOCAR, with all my team mates in such good
form during the event, and a great feeling to be a European Club Cup winner
again!} 1. d4 Nf6 2. c4 e6 3. Nc3 Bb4 4. Qc2 d5 5. cxd5 exd5 6. Bg5 h6 7. Bh4
c5 8. dxc5 O-O $1 ({It's strange that so few games have been played with this
standard move when so many have continued with the sharp} 8... g5) 9. e3 Be6
10. Nf3 Nbd7 11. Be2 Rc8 12. Nd4 ({In the sixth round Alexei Shirov played the
sophisticated} 12. c6 {here which could be a clever move. However something
went wrong for him in the game continuation and after} bxc6 13. O-O Qa5 14.
Rac1 c5 15. Rfd1 Rfe8 16. a3 Bxc3 17. bxc3 Ne4 18. c4 Nb6 19. Nd2 Nxd2 20. cxd5
Bxd5 21. Qxd2 Qa4 {I was doing well.}) 12... Nxc5 13. Bxf6 Qxf6 14. O-O Nd7 {
A necessary retreat: it is essential to saddle White with a weak pawn on c3 or
he will take full control.} 15. Qa4 Bxc3 16. bxc3 a6 17. Qb4 Rc7 18. a4 Rfc8
19. a5 Ne5 20. Rab1 ({A key moment I thought it was very important to play} 20.
h3 {here in order to keep the bishops on the board, once my worst piece
disapears, Black has an easy game as my other guys are well placed.}) 20... Bg4
21. Bxg4 Nxg4 22. Ne2 Ne5 23. Rfd1 Rd7 {This rook does a good job of covering
my two weak points, and its colleagues, my queen and knight can target the
white pawns particularly the one on a5.} 24. h3 Qd8 25. Nd4 g6 {A handy move
as well as preventing Nf5 and giving my king more breathing space, it poses
the awkward question as to how White should proceed.} 26. Ra1 Rc4 27. Qa3 Qc7 {
It's hard to suggest improvements for White but it is clear he is being driven
backwards.} 28. Rdc1 Nd3 {The knight gains a tempo en route to an even better
post where ...Ra4 and ...Na4 can be menaced.} 29. Rc2 Nc5 30. Qb4 {A rather
beautiful move which I had completely failed to consider, the queen moves to a
square where it is under attack.} ({The mundane} 30. Qc1 Na4 {was no stronger.}
) 30... Qd8 ({White should be fine after} 30... Rxb4 31. cxb4 Qd8 {but of
course there is no compulsion to grab the queen.}) 31. Qb1 Na4 (31... Ne4 {
is another good option here.}) 32. Nb3 ({I failed to notice that following} 32.
Qb3 Qxa5 ({Black also has the promising option to retrace his steps with} 32...
Nc5 33. Qb1 Ne4) 33. Nf3 {Black is forced to part with the exchange although
he remains in good shape after} b5 34. Ne5 Rd6 {Possibly Dreev also wasn't
aware of this as I guess it is the best try for White.}) 32... Nxc3 33. Qf1
Rdc7 {The rest is a matter of technique or in my case lack thereof.} 34. Qd3
Nb5 35. Rxc4 Rxc4 36. Rd1 Rc3 37. Qb1 Qd6 ({In fact the sneaky} 37... Qc7 {
is the most precise as the pawn is immune due to} 38. Rxd5 Qc4) 38. Nd4 Nxd4
39. exd4 ({Forced due to} 39. Rxd4 Qc7 40. Rd1 Rc5) 39... Ra3 ({It was not
easy to choose between this and} 39... Qc7 40. Qb4 {just before the time
control.}) 40. Qxb7 Rxa5 41. Re1 Kg7 42. g3 ({Survival chances are also not
great after} 42. Qe7 Qxe7 43. Rxe7) 42... Qf6 43. Qb2 Ra4 ({During the game I
regretted not playing} 43... Qf3 {but the machine points out that the sneaky}
44. Qb8 {keeps the game going.}) 44. Kg2 ({The best hope} 44. Rd1 Qf3 {is too
passive.}) 44... Rxd4 ({I had forgotten that} 44... Qxd4 45. Qxd4+ Rxd4 46. Ra1
{gives White the best he can hope for, although practical results have not
favoured the defender here recently.}) 45. Re8 Rf4 ({I managed to avoid} 45...
Re4 46. Rg8+) 46. Qa2 ({After this the win is fairly straightforward, the best
practical try was} 46. Qxf6+ Rxf6 47. Rd8 d4 (47... Rf5 48. Ra8) 48. Rxd4 a5
49. Ra4 Ra6 50. Kf3 Kf6 51. Ke4 Ke6 52. Kd4 {when there is still some work to
be done.}) 46... Qc6 47. gxf4 (47. Qb2+ {is met by the deadly countercheck} d4+
) 47... Qxe8 48. Qxd5 ({The d-pawn is almost home after} 48. Qxa6 Qe4+ 49. Kg3
d4) 48... Qb5 49. Qd4+ Kh7 {With my king imperturbable it is impossible to
prevent the pawn inching forwards.} 50. Qa7 Qd5+ 51. Kg3 a5 52. f3 Kg7 53. h4
h5 54. Qe7 ({Perhaps} 54. Kg2 {was a little better.}) 54... Qd4 {This
centralising move finishes the job.} 55. Qa3 (55. f5 {is met by} Qf6) 55... a4
56. Qe7 Qg1+ 57. Kh3 Qh1+ 58. Kg3 Qg1+ 59. Kh3 Qa1 60. Kg3 a3 61. f5 a2 {
White resigned as} 62. fxg6 Qf6 {ends the argument.} 0-1

[Event "London Classic 6th"]
[Site "London"]
[Date "2014.12.10"]
[Round "1"]
[White "Adams, Michael"]
[Black "Caruana, Fabiano"]
[Result "1-0"]
[WhiteElo "2745"]
[BlackElo "2829"]
[Annotator "Gormally,D"]
[PlyCount "145"]
[EventDate "2014.12.10"]
[EventType "tourn"]
[EventRounds "5"]
[EventCountry "ENG"]
[EventCategory "22"]
[SourceTitle "CBM 164"]
[Source "ChessBase"]
[SourceDate "2015.01.15"]
[SourceVersion "1"]
[SourceVersionDate "2015.01.15"]
[SourceQuality "1"]

1. e4 e5 2. Nf3 Nc6 3. Bb5 a6 4. Ba4 Nf6 5. O-O Be7 6. Re1 b5 7. Bb3 O-O 8. d3
d6 9. c3 Na5 10. Bc2 c5 11. Nbd2 Nc6 12. Nf1 h6 13. Ne3 Re8 14. a4 Be6 15. h3 {
Adams stays true to his style and prefers a slow build-up of forces.} (15. d4 {
is a more dynamic choice which is quite testing for Black.} exd4 16. cxd4 Nxd4
(16... Nb4 $1 17. Bb1 Qb6 18. e5 dxe5 19. dxe5 Rad8 20. Qe2 Nfd5 21. Nf5 {
leads to a very sharp middlegame position that is hard to assess - both sides
have their trumps.}) 17. Nxd4 cxd4 18. Qxd4 {left White somewhat better in
Polgar,J (2722)-Aronian,L (2649) Hoogeveen 2003}) 15... Bf8 16. Nh2 b4 17. Bb3
$6 {= White seems somewhat worse after this, so perhaps it was already time to
start looking for improvements.} (17. a5 $1 {might be a good way to start,
trying to grab some valuable space on the queenside at the cost of a pawn.}
Nxa5 (17... d5 18. Ba4 Rc8 19. Nhg4 Nxg4 20. Nxg4 {gives White some initiative
at least}) 18. Ba4 Re7 (18... Bd7 $2 19. Bxd7 Nxd7 20. Qa4 Nb7 21. Bd2 {
gives White excellent compensation for the pawn}) 19. c4 $1 {White blocks the
centre so he can shift his attention to the kingside} Rc7 20. Nd5 {with easy
play on the kingside for White with f4, etc.}) 17... Rb8 ({Already Black can
start to take over the initiative with the thematic central break} 17... d5 $1
18. Nhg4 Nxg4 19. hxg4 d4 20. Bxe6 Rxe6 21. cxd4 Nxd4 $13) 18. Bc4 bxc3 19.
bxc3 d5 $1 20. Bxa6 Qa5 21. c4 $5 {An interesting but risky choice. Instead of
backing down, White sharpens the play even further.  Adams is a practical
player par excellence and always has been, hence the moniker "tricky Micky" 
One of the key attributes of practical play is to keep asking your opponent
difficult questions. In other words if you have a choice between two lines,
one of which is slightly worse for you but little chance of the opponent going
wrong, and a line which can be a lot worse in certain variations but contains
more chances for him to go wrong somewhere, you choose the second line every
time.} ({The more sedate} 21. Bb5 {would have enabled Black to keep the
advantage without the complications that ensue in the game after would have
enabled Black to keep the advantage without the complications that ensue in
the game after} Rxb5 22. exd5 Nxd5 $1 (22... Rbb8 23. dxe6 Rxe6 24. Bd2 $11)
23. Nc4 Qa8 24. axb5 Qxa1 25. bxc6 f6 $1 {where despite being a pawn to the
good, White will inevitably lose at least one back, and more importantly has
completely lost any hope of gaining the initiative.}) 21... Qxa6 (21... d4 {
Was the major alternative. This would lose the exchange, but Black would get a
rampaging initiative in return.} 22. Bb5 Rxb5 $1 23. cxb5 dxe3 24. bxc6 exf2+
25. Kxf2 c4 $1 {All of which looks extremely scary for White. The game might
conceivably continue with something like} 26. dxc4 Bb4 $1 27. Nf3 $1 Qb6+ 28.
Be3 Bxe1+ 29. Qxe1 Qxc6 {when Black seems better, though the game remains
terribly sharp.  Choosing between such tempting alternatives is one of the
hardest things in chess and must have been one of the factors that landed
Caruana in time trouble later.}) 22. exd5 Bxd5 23. cxd5 Nb4 24. Ra3 Nfxd5 25.
Neg4 f6 26. Nf1 Rbd8 27. Ng3 c4 $2 {Up to this point Fabiano had played pretty
much perfectly, as he so often does these days, but now he hands White an
opportunity.} ({In a way this game reminds me of some of these famous
Kasparov-Karpov battles in the Ruy Lopez from the 1980s - where on many
occasions it would look as if Karpov was overwhelming Kasparov on the
queenside, only for Gazza to launch an astonishing attack out of nowhere. 
That's why I like the Ruy Lopez for White - his king is always much safer.
Even if something goes horribly wrong there's always a good chance that a sac
at the right moment will destablise the Black position.  Even though Karpov
was more the victim than victor in those famous games, as a master of
prophylaxis he would surely have sensed the danger here and found} 27... Kh8 $1
{White is left with this weak structure, so there's no need to rush.} 28. a5 c4
29. dxc4 Nf4 30. Qa4 Nbd3 {winning material.}) 28. Nxh6+ $3 {A hammer blow!
All of a sudden White gains a huge attack out of nowhere.} gxh6 29. Qg4+ Kh8
30. dxc4 Ne7 31. Qh5 Ng8 32. Nf5 $5 {White chooses to amass his pieces before
the final assault, a very human way to play.} ({Incredibly the engine points
out that White can already sacrifice a second piece here with} 32. Bxh6 $5 Bxh6
(32... Nxh6 {makes White task easier after} 33. Nf5 Nd3 34. Nxh6 Re7 35. Re4
Qb6 36. Nf7+ Kg8 37. Nxd8 Qxd8 38. Rg4+ Bg7 39. Qf5 $18) 33. Nf5 Qe6 34. Nxh6
Rd7 35. Nf7+ Kg7 36. Rg3+ Kf8 37. Nh8 $1 Ke7 38. Rg7+ Kd8 39. Rxd7+ Kxd7 40.
Rd1+ Kc7 41. Nf7 {when White is better as the Black king remains exposed while
his pieces lack co-ordination.  But this line is the suggestion of an engine,
unsurprisingly enough, (who would play Nh8!) and caculating and assessing this
line accurately in the limited time available would be almost impossible for a
human player.}) 32... Qb7 (32... Qa7 33. Rg3 Qh7 34. Ba3 $1 Nd3 35. Bxf8 Rxf8
36. Rg7 Nxe1 37. Rxh7+ Kxh7 38. Qg4 Rf7 39. c5 {and despite his small material
disadvantage White stands incredibly well - the Black position is just in too
much disarray.}) 33. Rg3 Qh7 34. Nh4 $2 ({I ran into Mickey later in the
Persian resturant opposite the venue (he was there with his wife, Tara,
looking forward to a quiet meal when luck would have it they ran into the gorm)
and he pointed out that he could have won here with} 34. Re4 $1 {when Black's
defences collapse under the weight of White's forces -} Nd3 35. Reg4 Nxc1 36.
Rxg8+ Qxg8 37. Rxg8+ Kxg8 38. Qg6+ Kh8 39. Nxh6 $18 {It was interesting that I
suggested to Mickey after the game that I thought Black was even better at one
point during the complications he reply was to the point - "maybe, but he has
a very bad king"  Players of that level seem to think in very sweeping, broad
terms. I might be thinking negatively, that Fabiano would beat off my attack
and win with the extra piece, but Adams is thinking in very much deeper,
strategic terms.}) 34... Ne7 35. Ba3 Nbc6 36. Kh2 Bg7 37. Bxe7 Nxe7 38. Rd1 Qg8
$1 {Fab plays this part of the game very well. He keeps finding the only moves
to fend off the White initiative.} 39. Rb1 Rb8 40. Rd1 Red8 41. c5 {White's
attack has fizzled out to some extent, but Black remains with this bad king.
Over the board it's extremely difficult to play this for Black, as not only do
you have to worry about your exposed king but you have to keep an eye on
White's queenside passers as well. Fabiano quickly goes wrong.} Rxd1 (41... Rd4
$5 42. Rxd4 exd4 43. Qe2 Re8 44. c6 f5 45. c7 {also looks quite dangerous for
Black. Even if objectively the correct assement is "draw by perpetual check",
over the board it's not easy to find all these perfect defensive moves.}) 42.
Qxd1 Rb4 $2 (42... Rd8 $1 43. Rd3 Rxd3 44. Qxd3 Qc8 45. Qb5 e4 46. a5 f5 47.
Qb6 Be5+ 48. g3 Kg7 49. a6 f4 {is still completely messy of course, but Black
should have enough counterplay to at least not be losing.}) 43. Qd7 $1 Rxh4 44.
Qxe7 {It turns out that the passed pawns are now almost unstoppable. Adams
does not give Black any more chances to save the game.} Rd4 45. c6 Qf8 46. Qb7
Rb4 47. Qd7 Rd4 48. Qb7 Rb4 49. Rc3 $1 f5 50. Qd7 Rd4 51. Qe6 Rd6 52. Qxd6 Qxd6
53. c7 e4+ 54. g3 Bxc3 55. c8=Q+ Kh7 56. Qxc3 $18 f4 57. gxf4 Qxf4+ 58. Qg3 Qd2
59. Qc7+ Kg6 60. Qb6+ Kh7 61. Qb7+ Kh8 62. Qa8+ Kg7 63. Qxe4 Kf6 64. Qf3+ Kg6
65. Kg2 Qa2 66. Qe4+ Kf6 67. Qf4+ Kg6 68. Qd6+ Kg7 69. Qe5+ Kh7 70. a5 Qg8+ 71.
Kh2 Qf7 72. Qe4+ Kg7 73. a6 1-0